000 00846cam a22002773a 4500
001 20569
003 PGUSA
005 20140828083435.0
008 070211s2007||||xxu|||||s|||||000 1 eng d
040 _aPGUSA
_beng
042 _adc
050 4 _aPS
100 1 _aPeterson, Henry,
_d1818-1891
245 1 0 _aDulcibel :
_bA Tale of Old Salem
_h[electronic resource] /
_cHenry Peterson
260 _bProject Gutenberg,
_c2007
506 _aPublic domain in the USA.
516 _aElectronic text
653 _aSalem (Mass.) -- History -- Colonial period, ca. 1600-1775 -- Fiction
653 _aWitches -- Fiction
653 _aHistorical fiction
653 _aTrials (Witchcraft) -- Fiction
700 1 _aPyle, Howard,
_d1853-1911
830 0 _aProject Gutenberg
_v20569
856 4 0 _uhttp://www.gutenberg.org/ebooks/20569
942 _cEB
999 _c249824
_d249824